000 01247nam a22003137a 4500
005 20100412140147.0
008 100412t xxu||||| |||| 00| 0 eng d
010 _aENG-96017
020 _a9780070701274
_c625.00
020 _a007070127x
_c625.00
035 _aEN-79550
037 _bDBAD/PUB
040 _aDPL
082 _a629.13
_220
100 _aKroes, Michael J.
245 _aAircraft basic science /
_c[Michael J.] Kroes, [James R.] Rardon.
250 _a7th ed.
260 _aNew Delhi
_bTata Mcgraw Hill Education
_c2010
270 _a7, West Patel Nagar
_bNew Delhi
_e110018
300 _aviii, 414 p. :
_bill. ;
_c28 cm. (pbk)
440 _aAviation technology series
500 _aRev. ed. of: Aircraft basic science / Michael J. Kroes ... [et al.]. 6th ed. c1988.
500 _aIncludes index.
650 _aAirplanes
_xDesign and construction.
700 _aRardon, James R.,
_d1940-
942 _2ddc
_cEN
_h629.13
_mKRO
999 _c35228
_d35228